00663nam a22002057a 450000500170000001000440001702000280006103500270008903500130011603500130012903700100014203700130015208200080016524501180017326000460029127000660033730000250040370000140042870000150044220240103142849.0 a1617EN ENG-116333 ENG-137110  a9780199466863c850.00  aB-649979-984 EN-120642 aEN-99865 aB-664910 bUppal bDBAD/PUB a110 aIndia and the unthinkabl:bBackwaters collective on metaphysics and politics 1/ cEd. by Vinay Lal and Roby Rajan aNew Delhi bOxford University Pressc2016 aYMCA Library Building, 1 Jai Singh Road, bNew Delhi e110001 axix, 228p.c22cm(Hb) dVinay Lal dRoby Rajan